Pattern Analysis and Applications (Запис № 456889)

МАРК-запис
000 -LEADER
fixed length control field 03012nas a22002895i 4500
001 - CONTROL NUMBER
control field 1433-755X
003 - CONTROL NUMBER IDENTIFIER
control field DE-He213
005 - DATE AND TIME OF LATEST TRANSACTION
control field 20200203194501.0
007 - PHYSICAL DESCRIPTION FIXED FIELD--GENERAL INFORMATION
fixed length control field cr nn 008mamaa
008 - FIXED-LENGTH DATA ELEMENTS--GENERAL INFORMATION
fixed length control field 150723s||||||||xxkuu poo|||||| b|EN |d
022 ## - INTERNATIONAL STANDARD SERIAL NUMBER
International Standard Serial Number 1433-755X
024 7# - OTHER STANDARD IDENTIFIER
Standard number or code 10.1007/10044.1433-755X
Source of number or code doi
210 10 - ABBREVIATED TITLE
Abbreviated title Pattern Anal Applic
245 10 - TITLE STATEMENT
Title Pattern Analysis and Applications
Medium [electronic resource] /
Statement of responsibility, etc edited by Sameer Singh.
264 #1 -
-- London :
-- Springer London :
-- Imprint: Springer.
300 ## - PHYSICAL DESCRIPTION
Other physical details online resource.
520 ## - SUMMARY, ETC.
Summary, etc The journal publishes high quality articles in areas of fundamental research in intelligent pattern analysis and applications in computer science and engineering.  It aims to provide a forum for original research which describes novel pattern analysis techniques and industrial applications of the current technology.  In addition, the journal will also publish articles on pattern analysis applications in medical imaging.  The journal solicits articles that detail new technology and methods for pattern recognition and analysis in applied domains including, but not limited to, computer vision and image processing, speech analysis, robotics, multimedia, document analysis, character recognition, knowledge engineering for pattern recognition, fractal analysis, and intelligent control.  The journal publishes articles on the use of advanced pattern recognition and analysis methods including statistical techniques, neural networks, genetic algorithms, fuzzy pattern recognition, machine learning, and hardware implementations which are either relevant to the development of pattern analysis as a research area or detail novel pattern analysis applications.  Papers proposing new classifier systems or their development, pattern analysis systems for real-time applications, fuzzy and temporal pattern recognition and uncertainty management in applied pattern recognition are particularly solicited. The journal encourages the submission of original case-studies on applied pattern recognition which describe important research in the area. The journal also solicits reviews on novel pattern analysis benchmarks, evaluation of pattern analysis tools, and important research activities at international centres of excellence working in pattern analysis. For all submission-related enquiries, please contact the Journal Editorial Office via “Contacts” or the Senior Editor Dragos Calitoiu at calitoiu@math.carleton.ca.
650 #0 - SUBJECT ADDED ENTRY--TOPICAL TERM
Topical term or geographic name as entry element Pattern recognition.
650 14 - SUBJECT ADDED ENTRY--TOPICAL TERM
Topical term or geographic name as entry element Pattern Recognition.
-- http://scigraph.springernature.com/things/product-market-codes/I2203X
700 1# - ADDED ENTRY--PERSONAL NAME
Personal name Singh, Sameer.
Relator term editor.
Relator code edt
-- http://id.loc.gov/vocabulary/relators/edt
710 2# - ADDED ENTRY--CORPORATE NAME
Corporate name or jurisdiction name as entry element SpringerLink (Online service)
776 08 - ADDITIONAL PHYSICAL FORM ENTRY
Display text Printed version:
International Standard Serial Number 1433-7541
856 40 - ELECTRONIC LOCATION AND ACCESS
Uniform Resource Identifier <a href="https://doi.org/10.1007/10044.1433-755X">https://doi.org/10.1007/10044.1433-755X</a>
Public note Hybrid
942 ## - ADDED ENTRY ELEMENTS (KOHA)
Koha item type ЕЖурнал

Немає доступних примірників.